Welcome to the Holygrace Academy Library

Please use search bar below to get started

GENERAL SUBJECTS - KAZHCHAKALUDE KANAPPURANGAL (Record no. 7985)

MARC details
000 -LEADER
fixed length control field 00317nam a22001217a 4500
082 ## - DEWEY DECIMAL CLASSIFICATION NUMBER
Classification number 001
Item number DEP/G
100 ## - MAIN ENTRY--AUTHOR NAME
Personal name DEPT OF EDUCATION, GOVT OF KERALA
245 ## - TITLE STATEMENT
Title GENERAL SUBJECTS - KAZHCHAKALUDE KANAPPURANGAL
260 ## - PUBLICATION, DISTRIBUTION, ETC. (IMPRINT)
Place of publication TRIVANDRUM
Name of publisher SIET KERALA
300 ## - PHYSICAL DESCRIPTION
Other physical details ENGLISH-MALAYALAM VCD
650 ## - SUBJECT ADDED ENTRY--TOPICAL TERM
Topical Term GK
Geographic subdivision KERALA
942 ## - ADDED ENTRY ELEMENTS (KOHA)
Koha item type Visual Materials

No items available.